000 00375nam a22001577a 4500
999 _c7774
_d7774
003 GBCCL
005 20241126110636.0
008 180920b ||||| |||| 00| 0 eng d
040 _cgbc
082 _aVER 232.4
_bGIN
100 _aGinkhenpau, Valte
_913560
245 _aKa hinna nang di'n ka pia
260 _aLamka :
_bAuthor,
_c2016
300 _a128p. ;
942 _2ddc
_cBK